| 000 | 00695nam a22002297a 4500 | ||
|---|---|---|---|
| 003 | UA-OsUOA | ||
| 001 | 97929 | ||
| 007 | ta | ||
| 008 | 20130408b un ||||| |||| 00| 0 ukr d | ||
| 100 | _aПерелешин В. | ||
| 090 |
_a821.161.1 _bП27 |
||
| 942 | _cBK | ||
| 040 |
_aUA-OsUOA _brus _cUA-OsUOA _dUA-OsUOA |
||
| 245 |
_aРусский поэт в гостях у Китая 1920 - 1952 _bсборник стихотворений |
||
| 300 | _a214 с. | ||
| 955 | _a3 | ||
| 041 | _arus | ||
| 080 | _a821.161.1 | ||
| 260 |
_aГаага _bЛюкенгофф Паблишинг _c1989 |
||
| 650 | 7 |
_a82 Література. Літературознавство _2UDC |
|
| 999 |
_c384174 _d384174 |
||